00833nam a2200241 a 450000100060000000300090000600800410001502000180005604000280007409000110010210000250011324501090013825000130024726000350026030000240029565000260031965000310034565000200037670000320039694200120042899900170044095201340045726697CO-ViMGA141112s2004 ck r 000 u spa d a9789974684737 aCO-ViMGAbspacCO-ViMGA aC BALc1 aBallesteros, Adriana10aCuentos con princesas : bLos zapatos de cristal / cAdriana Ballesteros ; ilustrado por Fabian Gordillo a1ra. ed. aUruguay : bLatinbooks, c2010 a32 p. : il. ; 23 cm14aCuentos para niños 14aLiteratura infantil 9274614aPrincesas938211 aGordillo, Fabian, il.93822 2ddccBK c10045d10045 00102ddc40708001aMEVIGAELAbMEVIGAELAd2015-12-04h16/feb/2015l0oC BALcp28217r2015-12-04 00:00:00tEj. 1w2015-12-04yBK